<?xml version="1.0" encoding="UTF-8"?>
<collection xmlns="http://www.loc.gov/MARC21/slim">
  <record>
    <leader>00000nam  2200000   4500</leader>
    <controlfield tag="001">INLIS000000000020470</controlfield>
    <controlfield tag="005">20250630031322</controlfield>
    <datafield tag="035" ind1="#" ind2="#">
      <subfield code="a">0010-0625000212</subfield>
    </datafield>
    <controlfield tag="007">ta</controlfield>
    <controlfield tag="008">250630################|##########|#|##</controlfield>
    <datafield tag="084" ind1="#" ind2="#">
      <subfield code="a">R 149 PKN II 2023</subfield>
    </datafield>
    <datafield tag="100" ind1=" " ind2="#">
      <subfield code="a">Joko Lelono Ridwan</subfield>
    </datafield>
    <datafield tag="245" ind1="1" ind2="#">
      <subfield code="a">Optimalisasi Anggaran Melalui Percepatan Pengadaan Barang dan Jasa Pada Pemerintah Daerah Kabupaten Halmahera Timur /</subfield>
      <subfield code="c">Joko Lelono Ridwan</subfield>
    </datafield>
    <datafield tag="260" ind1="#" ind2="#">
      <subfield code="a">Jakarta :</subfield>
      <subfield code="b">Pusbangkom Pimnas dan Manajerial ASN,</subfield>
      <subfield code="c">2023</subfield>
    </datafield>
    <datafield tag="300" ind1="#" ind2="#">
      <subfield code="a">100 hlm. ;</subfield>
      <subfield code="c">30 cm</subfield>
    </datafield>
    <datafield tag="650" ind1="#" ind2="4">
      <subfield code="a">Optimalisasi Anggaran</subfield>
    </datafield>
    <datafield tag="520" ind1="#" ind2="#">
      <subfield code="a">Berdasarkan analisa data bahwa terdapat permasalahan mendasar pada belanja modal diantaranya ketersediaan sumberdaya aparatue dibidang pengelolaan keuangan daerah dan bidang pengadaan barang dan jasa masih sangat minim dan perlu dilakukan peningkatan kapasitas. Optimalisasi anggaran perlu dilakukan dengan mendiring percepatan pelaksanaan pengadaan barang dan jasa sehingga serapan belanja modal lebih efektif dan tepat waktu. Dengan demikian hasil pembangunan jauh lebih cepat dirasakan hasilnya oleh masyarakat.</subfield>
    </datafield>
    <datafield tag="990" ind1="#" ind2="#">
      <subfield code="a">2407149</subfield>
    </datafield>
  </record>
</collection>
